00769nam a22002057a 450000500170000001000130001702000260003003500220005603700290007808200130010710000170012024500570013725000080019426000420020230000200024494200270026499900190029195201190031095201340042920180712131121.0 aB-167890 a9788175344457c225.00 aB-167890,B-167889 bUniversal Law Publishing a344.5401 aH. L., Kumar aEmployer's right under labour laws/cby H. L. Kumar a2nd aDelhibUniversal Law Publishingc2005 a244p.c23cm(Pb) 2ddccENh344.5401mKUM c153641d153641 001040708NFICaZLSbZLSd2018-07-09l4o344.5401 KUMpB-167890r2025-02-21 00:00:00s2025-02-14w2018-07-09yEN 001040708NFICaTNbTNd2018-07-12eBPPD/pubg225.00l0o344.5401 KUMpB-167889r2018-07-12 00:00:00t1v225.00w2018-07-12yEN